000 00805nam a2200169Ia 4500
008 090124s9999 xx 000 0 und d
082 _b29320
245 _a महाभारत (खंड 7 वा) शांतिपर्व : पूर्वार्ध
250 _a1
260 _bविदर्भ मराठवाडा बुक कंपनी : पुणे
_c1985
300 _a645
630 _a महाभारत (खंड 7 वा) शांतिपर्व : पूर्वार्ध
700 _aवाळिंबे रा.शं.
700 _aवाऴिंबे डॉ. रा. श. व वाऴिंबे डॉ य. स.
730 _a महाभारत (खंड 7 वा) शांतिपर्व : पूर्वार्ध
942 _cBOOK
999 _c96743
_d96743